|
|
|
|
| LEADER |
00000nas a2200000 a 4500 |
| 001 |
ssj0006050 |
| 003 |
WaSeSS |
| 005 |
20200512172242.0 |
| 006 |
m d |
| 007 |
cr n |
| 008 |
980417c19519999cauqr pss 0 a0eng c |
| 010 |
|
|
|a 2004209429
|
| 015 |
|
|
|a GBB522785
|2 bnb
|
| 016 |
7 |
|
|a 017027070
|2 Uk
|
| 022 |
|
|
|a 2163-5560
|y 0014-4029
|
| 030 |
|
|
|a EXCCAJ
|
| 035 |
|
|
|a (WaSeSS)ssj0006050
|
| 040 |
|
|
|a FGA
|b eng
|e pn
|c FGA
|d OCL
|d OCLCQ
|d DLC
|d BUF
|d OCLCQ
|d OCLCF
|d UMC
|d OCLCO
|d OCLCE
|d NUI
|d VT2
|d OCLCQ
|d OCLCO
|d OCLCQ
|d OCLCO
|d OCLCQ
|d CASUM
|d OCLCA
|d OCLCO
|d OCLCA
|d OCLCQ
|d TSC
|d OCLCO
|d IOG
|d NLE
|d DLC
|d KSU
|d OCLCO
|d CEF
|d OCLCO
|d AU@
|d OCLCO
|d OCLCA
|d UKMGB
|d U3W
|d NJT
|d WaSeSS
|
| 042 |
|
|
|a pcc
|a nsdp
|a dlr
|
| 050 |
0 |
0 |
|a LC3950
|
| 060 |
0 |
0 |
|a W1
|b EX198
|
| 082 |
0 |
0 |
|a 371
|2 14
|
| 130 |
0 |
|
|a Exceptional children (Online)
|
| 222 |
|
0 |
|a Exceptional children
|b (Online)
|
| 245 |
1 |
0 |
|a Exceptional children
|h [electronic resource].
|
| 260 |
|
|
|a Arlington, VA :
|b Council for Exceptional Children
|
| 260 |
|
|
|3 Spring 2014- :
|a Sage Publications :
|b Thousand Oaks, CA
|
| 310 |
|
|
|a Quarterly
|
| 362 |
1 |
|
|a Print began with vol. 18, no. 1 (Oct. 1951).
|
| 506 |
|
|
|a License restrictions may limit access.
|
| 538 |
|
|
|a Master and use copy. Digital master created according to Benchmark for Faithful Digital Reproductions of Monographs and Serials, Version 1. Digital Library Federation, December 2002.
|u http://purl.oclc.org/DLF/benchrepro0212
|5 MiAaHDL
|
| 583 |
1 |
|
|a digitized
|c 2010
|h HathiTrust Digital Library
|l committed to preserve
|2 pda
|5 MiAaHDL
|
| 588 |
|
|
|a Description based on: Vol. 60, issue 4 (Feb. 1994); title from available issues screen (viewed Apr. 15, 1998).
|
| 588 |
|
|
|a Latest issue consulted: Vol. 81, no. 1 (October 2014) (Sage Journals, viewed September 22, 2014).
|
| 650 |
|
0 |
|a Special education
|v Periodicals.
|
| 650 |
|
0 |
|a Children with disabilities
|x Education
|v Periodicals.
|
| 650 |
|
6 |
|a Enfants inadaptés
|v Périodiques.
|
| 650 |
|
7 |
|a Children with disabilities
|x Education.
|2 fast
|0 (OCoLC)fst00855556
|
| 650 |
|
7 |
|a Special education.
|2 fast
|0 (OCoLC)fst01128842
|
| 650 |
1 |
7 |
|a Ontwikkelingspsychologie.
|2 gtt
|
| 650 |
1 |
7 |
|a Speciaal onderwijs.
|2 gtt
|
| 650 |
1 |
7 |
|a Gehandicapte kinderen.
|2 gtt
|
| 650 |
|
7 |
|a Enfant inadapté
|2 rasuqam
|
| 650 |
|
7 |
|a Éducation spéciale.
|2 rasuqam
|
| 650 |
|
7 |
|a Développement de l'enfant.
|2 rasuqam
|
| 650 |
|
2 |
|a Child Psychology
|v Periodicals.
|
| 650 |
|
2 |
|a Disabled
|v Periodicals.
|
| 650 |
|
2 |
|a Psychology, Child.
|
| 650 |
|
2 |
|a Disabled.
|
| 650 |
|
2 |
|a Education
|v Periodicals.
|
| 650 |
0 |
2 |
|a Child.
|
| 650 |
0 |
2 |
|a Humans.
|
| 650 |
1 |
2 |
|a Psychiatry.
|
| 650 |
1 |
2 |
|a Psychology.
|
| 650 |
2 |
2 |
|a Disabled Persons.
|
| 650 |
2 |
2 |
|a Intellectual Disability.
|
| 650 |
1 |
2 |
|a Child, Gifted.
|
| 650 |
1 |
2 |
|a Pediatrics.
|
| 650 |
|
2 |
|a Education.
|
| 650 |
|
2 |
|a Disabled Persons.
|
| 655 |
|
0 |
|a Electronic journals.
|
| 710 |
2 |
|
|a Council for Exceptional Children.
|
| 776 |
0 |
8 |
|i Print version:
|t Exceptional children
|x 0014-4029
|w (DLC)sc 80002098
|w (OCoLC)1568566
|
| 850 |
|
|
|a DLC
|
| 856 |
4 |
0 |
|z Full text available from Research Library: 02/01/1991 to 07/31/2017
|u https://search.proquest.com/publication/7735
|